| 000 | 01172cam a2200157 4500500 | ||
|---|---|---|---|
| 005 | 20260329034100.0 | ||
| 041 | _afre | ||
| 042 | _adc | ||
| 100 | 1 | 0 |
_aLing, Vivian _eauthor |
| 700 | 1 | 0 |
_aWang, Peng _eauthor |
| 700 | 1 | 0 |
_aPeng, Wang _eauthor |
| 245 | 0 | 0 | _aPetites histoires chinoises : 22 proverbes et leurs histoires bilingues pour progresser en chinois |
| 260 |
_bArmand Colin,
_c2023. |
||
| 520 | _aCe livre destiné aux apprenants de tous niveaux présente 22 histoires traditionnelles chinoises accompagnées des proverbes sur lesquels elles sont fondées. Les versions chinoise et française des textes sont présentées en regard. Chaque histoire comprend une explication de la façon dont le proverbe est utilisé aujourd’hui, des notes culturelles et littéraires, du vocabulaire et des questions d’entraînement pour améliorer compréhension et prononciation. Des enregistrements audio des contes lus par des locuteurs natifs sont disponibles en téléchargement. Avec 25 dessins au trait dans le style traditionnel chinois. | ||
| 856 | 4 | 1 | _uhttps://shs.cairn.info/petites-histoires-chinoises--9782200633981?lang=fr&redirect-ssocas=7080 |
| 999 |
_c1960779 _d1960779 |
||